000
00278nam a2200109Ia 4500
008
230907s9999||||xx |||||||||||||| ||und||
082
_a
660.2815
_b
PRO
100
_a
Seborg, Dale E.,
_9
86227
245
0
_a
Process dynamics and control /
300
_a
ix, 502 pages :
942
_c
BK
999
_c
601092
_d
601092